00800nam a22002057a 450000500170000001000150001702000260003203500140005803700130007208200140008510000330009924500610013225000060019326000570019927001050025630000260036194200280038799900190041595201600043420240214123245.0 aENG-139228 c729.00a9789352861798 aEN-122760 bDBAD/PUB a155.0525 aCiccarelli, Saundra K962060 aPsychology/cBy Saundra K Ciccarelli and J. Noland White a5 aUttar PradeshbPearson India Education Pvt Ltdc2022 bUttar Pradesha15th FLoor, Tower-B, World Trade Tower, Plot No.1, Block- C, Sector-16, Noidae201301 avpp.c25cm(pb)bIndex 2ddccENh155.05mCICe5 c200732d200732 001040708NFICaTNbTNd2024-02-14eDBAD/PUBg729.00l2m3o155.05 CICpEN-122760q2026-07-14r2026-06-20 12:57:47s2026-06-20t1v729.00w2024-02-14yEN